LEADER 02109nam 2200433 n 450 001 996393062003316 005 20221108100506.0 035 $a(CKB)1000000000682158 035 $a(EEBO)2240911731 035 $a(UnM)99843957 035 $a(EXLCZ)991000000000682158 100 $a19910806d1549 uy | 101 0 $aeng 135 $aurbn||||a|bb| 200 14$aThe fyrste sermon of Mayster Hughe Latimer, whiche he preached before the Kinges Maiestie wythin his graces palayce at Westminster. M.D.XLIX. the. viii. of March$b[electronic resource] $eCu[m] gratia et priuilegio ad imprimendum solum 210 $a[Imprinted at London $cBy Iohn Day dwellynge ouer Aldersgate, and Wylliam Seres, dwellyng in Peter Colledge$d[1549]] 215 $a[64] p 300 $aEdited by Thomas Some, whose name appears on A2r. 300 $aAnother edition of "The fyrste sermon of Mayster Hughe Latimer, whiche he preached before the Kynges Grace", published the same year. 300 $aPrinters' names and addresses from colophon; publication date from STC. 300 $aSignatures: A-D. 300 $aUsually bound with an edition of "The seconde sermon of Master Hughe Latemer". 300 $aThis edition has "Kinges Maiestie" in the title; B5v catchword: les; A4v factotum is the right way up and the catchword is "Quecun-"; the last word of line 2 of A5r is "scripta". 300 $aIdentified as STC 15271 on UMI microfilm. 300 $aReproduction of the original in the Henry E. Huntington Library and Art Gallery. 330 $aeebo-0113 606 $aSermons, English$y16th century 615 0$aSermons, English 700 $aLatimer$b Hugh$f1485?-1555.$01001508 701 $aSome$b Thomas$fb. ca. 1510.$01011367 801 0$bCu-RivES 801 1$bCu-RivES 801 2$bUk-ES 801 2$bCStRLIN 801 2$bWaOLN 906 $aBOOK 912 $a996393062003316 996 $aThe fyrste sermon of Mayster Hughe Latimer, whiche he preached before the Kinges Maiestie wythin his graces palayce at Westminster. M.D.XLIX. the. viii. of March$92369110 997 $aUNISA